书目信息 |
| 题名: |
中国文学流派意识的发生和发展
|
|
| 作者: | 陈文新 著 | |
| 分册: | ||
| 出版信息: | 武汉 武汉大学出版社 2003 |
|
| 页数: | 481页 | |
| 开本: | 21cm | |
| 丛书名: | 武汉大学学术丛书 | |
| 单 册: | ||
| 中图分类: | I209.2 | |
| 科图分类: | ||
| 主题词: | 古典文学--文学流派--研究--中国 | |
| 电子资源: | ||
| ISBN: | 7-307-04124-3 | |
| 000 | 00960nam0 2200265 450 | |
| 001 | 020000016474 | |
| 005 | 20050919084822.82 | |
| 010 | @a7-307-04124-3@b精装@dCNY29.00 | |
| 100 | @a20040816d2003 ekmy0chiy0120 ea | |
| 101 | 0 | @achi |
| 102 | @aCN@b420000 | |
| 105 | @aa az 000yy | |
| 200 | 1 | @a中国文学流派意识的发生和发展@9zhong guo wen xue liu pai yi shi de fa sheng he fa zhan@e中国古代文学流派研究导论@f陈文新著@Fchen wen xin zhu |
| 210 | @a武汉@c武汉大学出版社@d2003 | |
| 215 | @a481页@c照片@d21cm | |
| 225 | 2 | @a武汉大学学术丛书 |
| 320 | @a有书目 | |
| 330 | @a本书以中国古代文学流派意识的发生和发展为重点,致力于从三个层面考察流派和流派问题。 | |
| 410 | 0 | @12001 @a武汉大学学术丛书 |
| 517 | 1 | @a中国古代文学流派研究导论@9zhong guo gu dai wen xue liu pai yan jiu dao lun |
| 606 | 0 | @a古典文学@x文学流派@x研究@y中国 |
| 690 | @aI209.2@v4 | |
| 701 | 0 | @a陈文新@Achen wen xin@4著 |
| 801 | 0 | @aCN@bTSSF@c20050919 |
| 905 | @a10447@dI209.2@e181 | |
| 中国文学流派意识的发生和发展:中国古代文学流派研究导论/陈文新著.-武汉:武汉大学出版社,2003 |
| 481页:照片;21cm.-(武汉大学学术丛书) |
| ISBN 7-307-04124-3(精装):CNY29.00 |
| 本书以中国古代文学流派意识的发生和发展为重点,致力于从三个层面考察流派和流派问题。 |
| ● |
| 相关链接 |
|
|
|
|
正题名:中国文学流派意识的发生和发展
索取号:I209.2/181
 
预约/预借
| 序号 | 登录号 | 条形码 | 馆藏地/架位号 | 状态 | 备注 |
| 1 | 0361460 | 3614609 | 第一样本阅览室/ [索取号:I209.2/181] | 在馆 | |
| 2 | 0361461 | 3614618 | 第二借阅区/ [索取号:I209.2/181] | 在馆 | |
| 3 | 0361462 | 3614627 | 第二借阅区/ [索取号:I209.2/181] | 在馆 | |
| 4 | 0361463 | 3614636 | 第二借阅区/ [索取号:I209.2/181] | 在馆 | |
| 5 | 0361464 | 3614645 | 第二借阅区/ [索取号:I209.2/181] | 在馆 |